000 00216 a2200109 4500
020 _a9788483835418
041 _aspa
100 _aSepulveda, Luis
245 _aMundo del fin del mundo
942 _cBK
952 _74
999 _c19207
_d19207